000 01204nam0a22002771 4500
001 rc\4487819
005 20130416171829.3
021 _aRU
_bРг439-69
035 _a(NLR Aleph) 008336699
090 _a8851252
_c8851252
100 _a20130416d1968 |||y0rusy50 ca
101 0 _arus
102 _aRU
105 _aa z |||||
200 1 _aЭкономико-математическое исследование перспектив энергетического и технического использования сланца
_fСимпозиум ООН по разработке и использованию горючих сланцев. Секция 4
210 _aТаллин
_cБ. и.
_d1968
215 _a20 с.
_cтабл.
_d21
300 _aОтпеч. множит. аппаратом
700 1 _aКаганович
_bИ. З.
_gИлья Залманович
701 1 _aТенно
_bК. Л.
712 0 2 _aООН
_bСимпозиум по разработке и использованию горючих сланцев
_f1968
_eТаллин
_3RU\NLR\AUTH\8810020401
801 0 _aRU
_bNLR
_gpsbo
801 1 _aRU
_bELAR
_2rusmarc
852 _aNLR
_j69-4/109
942 _cBOOK
980 _aNB